Movies Quiz

Random Movies or Disney Quiz

Disney Villians Quiz Stats

 Plays Quiz not verified by Sporcle

Challenge
Share
Tweet
Embed
Score 0/24 Timer 03:00
0 Plays Today
Villian Movie % Correct
GastonBeauty and the Beast
91.5%
JafarAladdin
90.7%
Captain HookPeter Pan
89%
ScarThe Lion King
88.5%
MaleficentSleeping Beauty
85.1%
Queen of HeartsAlice in Wonderland
80.5%
HadesHercules
80.4%
Shan YuMulan
73.1%
Cruella de Vil101 Dalmations
66.9%
Shere KhanThe Jungle Book
62.9%
UrsulaThe Little Mermaid
56.2%
Lady TremaineCinderella
52.1%
Villian Movie % Correct
Prince JohnRobin Hood
44.5%
EdgarThe Aristocats
43.9%
Doctor FacilierPrincess and the Frog
39.3%
Governor RatcliffePocahontas
37.1%
Aunt SarahLady and the Tramp
33.6%
Evil QueenSnow White and the Seven Dwarfs
30.7%
Mother GothelTangled
30.2%
Amos SladeFox and the Hound
27.9%
SykesOliver and Company
27%
StromboliPinocchio
19.3%
YzmaThe Emporer's New Groove
10.1%
FrolloThe Huntchback of Notre Dame
3.2%

You're not logged in!

Compare scores with friends on all Sporcle quizzes.
OR
Log In

You Might Also Like...

Show Comments

Extras

Created Nov 6, 2011ReportNominate
Tags:Disney Quiz, Disney Films

Top Quizzes Today


Score Distribution

Your Account Isn't Verified!

In order to create a playlist on Sporcle, you need to verify the email address you used during registration. Go to your Sporcle Settings to finish the process.

Report this User

Report this user for behavior that violates our Community Guidelines.

Details: